Central Library OPAC University of Rajshahi

পদব্রজা / (Record no. 36795)

MARC details
000 -LEADER
fixed length control field 00784nam a2200217 4500
001 - CONTROL NUMBER
control field 36795
003 - CONTROL NUMBER IDENTIFIER
rucl marc code BD-RjUL
005 - DATE AND TIME OF LATEST TRANSACTION
control field 20211209052537.0
008 - FIXED-LENGTH DATA ELEMENTS--GENERAL INFORMATION
fixed length control field 160322s1946 ii ||||e |||| 00| 0 ben d
035 ## - SYSTEM CONTROL NUMBER
System control number (BD-RjUL)36897
040 ## - CATALOGING SOURCE
Original cataloging agency BD-RjUL
Language of cataloging ben
Transcribing agency BD-RjUL
041 ## - LANGUAGE CODE
Language code of text/sound track or separate title ben
082 ## - DEWEY DECIMAL CLASSIFICATION NUMBER
Classification number 891.443
Author mark and year VOP 1946
Edition number 23
100 ## - MAIN ENTRY--PERSONAL NAME
Personal name ভট্টাচার্য, পশুপতি
9 (RLIN) 112238
245 10 - TITLE STATEMENT
Title পদব্রজা /
Statement of responsibility, etc. পশুপতি ভট্টাচার্য
260 ## - PUBLICATION, DISTRIBUTION, ETC. (IMPRINT)
Place of publication, distribution, etc. কলিকাতা :
Name of publisher, distributor, etc. শ্রীগোপালদাস মজ়ুমদার,
Date of publication, distribution, etc. ১৯৪৬ [১৩৫৩]
300 ## - PHYSICAL DESCRIPTION
Pagination ২৩৩ পৃ.
Size ১৮ সেমি.
650 ## - SUBJECT ADDED ENTRY--TOPICAL TERM
Topical term or geographic name as entry element বাংলা উপন্যাস
9 (RLIN) 111928
Topical term or geographic name as entry element Bengali Fiction
9 (RLIN) 112169
942 ## - ADDED ENTRY ELEMENTS (KOHA)
Source of classification or shelving scheme Dewey Decimal Classification
Koha item type Books
Holdings
Lost status Source of classification or shelving scheme Damaged status Not for loan Collection code Permanent Location Current Location Shelving location Date acquired Source of acquisition Cost, normal purchase price Total Checkouts Full call number Date last seen Copy number Koha item type
  Dewey Decimal Classification   Not For Loan Non-fiction Central Library, University of Rajshahi Central Library, University of Rajshahi   19/10/1955 Mukurrum Pub. 4.80   B 891.443 VOP 1946 06/09/2014 C-2 Books